000 00794pam a2200241 a 4500
001 4944170
005 20241106160323.0
008 960423s1997 ilua b 001 0 eng
020 _a9780256209815
050 0 0 _aQA76.5
_b.W5332 1997
082 0 0 _a004
_220
100 1 _aWilliams, Brian K.,
_d1938-
245 1 0 _aUsing information technology :
_ba practical introduction to computers & communications /
_cBrian K. Williams, Stacey C. Sawyer, Sarah E. Hutchinson.
250 _a2nd ed.
260 _aChicago :
_bIrwin,
_cc1997.
300 _axxxvii, 602 p. :
_bill. (some col.) ;
_c28 cm.
650 0 _aComputers.
650 0 _aTelecommunication systems.
650 0 _aInformation technology.
700 1 _aSawyer, Stacey C.
700 1 _aHutchinson, Sarah E.
942 _2lcc
_cBK
_e2nd Ed.
_n0
999 _c726
_d726